| 000 | 00373nam a22001577a 4500 | ||
|---|---|---|---|
| 003 | SGT | ||
| 020 | _a9789352700905 | ||
| 082 |
_a617.472 _bM17N |
||
| 100 | _aNORKIN, CYNTHIA C. | ||
| 245 | _aMEASUREMENT OF JOINT MOTION: A GUIDE TO GONIOMETRY | ||
| 250 | _a5TH | ||
| 260 |
_aINDIA _bJAYPEE PUB _c2017 |
||
| 300 | _a571 | ||
| 650 | _aPHYSIOTHERAPY | ||
| 942 |
_2ddc _cBK _033 |
||
| 999 |
_c20962 _d20962 |
||